000 nam a22 7a 4500
999 _c10691
_d10691
008 180220b ||||| |||| 00| 0 eng d
100 _aBharati Bhawan
_95009
245 _aWe and our World-3
260 _aPatna
_bBharati
_c2012